00503nam a2200109 4500008004100000082001600041245016400057260007100221300001100292650003000303856006000333231224b |||||||| |||| 00| 0 eng d a306.36bOPE aOperational manual for labour sections of Sri Lankan diplomatic missions in labour receiving countries:bensuring the protection and welfare of migrant workers aColombo:bILO country office for Sri Lanka and the Maldives,c2013 a160 p. aMIGRANT WORKERS-Sri Lanka uhttps://www.ilo.org/dyn/migpractice/docs/270/Manual.pdf